| 000 | 00000nam##2200000za#4500 |
| 001 | 9.682953 |
| 003 | CaOODSP |
| 005 | 20250403105632 |
| 007 | ta |
| 008 | 150407|2005||||xxc||||| f|0| 0 fre|d |
| 020 | |a0-660-97061-9 |
| 040 | |aCaOODSP|bfre |
| 043 | |an-cn--- |
| 086 | 1 |aCS89-503/2005F |
| 245 | 00|aFemmes au Canada : |brapport statistique fondé sur le sexe |
| 250 | |a5e édition |
| 260 | |aOttawa - Ontario : |bStatistique Canada |c2005. |
| 300 | |a323p. : |bgraphiques, tableaux ; |c28 cm. |
| 500 | |a«Projet des groupes cibles» |
| 520 | 3 |aAnalyse la situation des femmes au Canada. On y présente notamment les caractéristiques démographiques et culturelles, les modalités de vie, le revenu, l'activité, la santé, la criminalité et la victimisation des Canadiennes. |
| 563 | |aCouverture souple |
| 590 | |a06-13|b2006-03-31 |
| 691 | 07|aFemme|2gcpds |
| 710 | 2 |aStatistique Canada. |
| 775 | 08|tWomen in Canada : |w(CaOODSP)9.649803 |
| 776 | 0#|tFemmes au Canada : |w(CaOODSP)9.632115 |